000 01004nam a2200217 a 4500
003 BD-DhJNU
005 20260419060801.0
008 260508s2016 bg |||g |||| 000 1|ben|d
040 _aBD-DhJNU
_bben
_cBD-DhJNU
_dBD-DhJNU
041 _aben
082 _a792.092 CON
_223
100 _aচৌধুরী, দর্শন
245 1 0 _aনাট্যব্যক্তিত্ব বাদল সরকার /
_cদর্শন চৌধুরী
246 _aNatyabyaktitya Badal Sarkar
250 _a3rd ed.
260 _aকলকাতা :
_bএকুশ শতক,
_c2016.
300 _a৪২৪ পৃ. :
_bচিত্র ;
_c২২ সেমি.।
504 _aগ্রন্থপঞ্জিগত নির্দেশিকা ও নিঘন্ট অন্তভূক্ত
650 _aনাট্য নির্দেশক ও ব্যক্তিত্ব -- ভারত -- জীবনী
650 _aTheatrical producers and directors -- India -- Biography
999 _c2690
_d2690